Brawl Stars Gamemodes - Statistiken

Allgemein
  • Dieses Quiz wurde 136 mal gespielt
  • Das Durchschnittsergebnis liegt bei 9 aus 39
Antwortstatistiken
Gamemodetype Hint Antwort % Korrekt
Showdown S Solo Showdown
95%
Showdown D Duo Showdown
94%
Showdown T Trio Showdown
93%
3v3 B Brawlball
76%
3v3 K Knockout
57%
3v3 G Gem Grab
48%
3v3 H Heist
48%
3v3 B Bounty
44%
Solo D Duels
42%
3v3 H Hotzone
42%
3v3 B Basketbrawl
40%
3v3 V Volleybrawl
34%
Competitive R Ranked
31%
3v3 W Wipeout
21%
Special B Boss Fight
20%
3v3 S Siege
17%
Special R Roborumble
15%
Solo T Takedown
14%
Competitive P Power League
11%
3v3 P Paint Brawl
10%
Competitive P Power Play
9%
3v3 P Pumpkin Plunder/Present Plunder
9%
Competitive C Championship
8%
Special M Megapig
8%
Competitive C Challenges
7%
Solo T Trophy Escape
7%
3v3 J Jellyfishing
6%
3v3 P Payload
6%
Special B Big Game
5%
3v3 B Bot Drop
4%
Special S Super City Rampage
4%
Special L Last Stand
3%
Competitive C Clubgames
2%
3v3 H Hold the Trophy
2%
Solo L Lone Star
2%
Special M Mystery Mode
2%
Solo D Drum Roll
1%
3v3 G Godzilla City Smash
1%
Solo H Hunters
1%
Keine übereinstimmenden Quizze gefunden
Verteilung der Resultate
Anzahl Personen mit jedem Resultat
Perzentil nach korrekt beantworteten Fragen
Ihre Resultats-Entwicklung
Sie haben dieses Quiz noch nicht gespielt